| 000 | 00723nam a2200193 i 4500 | ||
|---|---|---|---|
| 001 | 100046 | ||
| 003 | ES-MaACL | ||
| 005 | 20250915063042.0 | ||
| 007 | t| | ||
| 008 | 050921s1979 ck ||||1| spa d | ||
| 100 | 1 |
_aMartínez Val, José María, _d1916- _978455 |
|
| 245 | 1 | 0 |
_aDerecho a la vida y delito de aborto / _cJosé María Martínez Val. |
| 260 |
_a[Antioquía : _bFacultad de Derecho y Ciencias Políticas de la Universidad de Antioquía], _c1979. |
||
| 300 |
_a11 h. ; _c24 cm. |
||
| 500 | _aEs tirada aparte de "Estudios de Derecho", Año XXX, segunda época, Septiembre de 1979, volumen XXXVIII, nº 96. | ||
| 650 | 0 | 4 |
_aAborto. _99570 |
| 852 |
_aES-MaACL _j2318-F-31 _bR.102522 |
||
| 999 |
_c100046 _d100046 |
||